La discographie de Ikon - Statistiques

Statistiques générales
  • Ce quiz a été pris 8 fois
  • Le résultat moyen est 41 sur 66
Statistiques - réponses
Réponse % Correct
B-Day
80%
Best Friend
80%
Bling Bling
80%
Dumb & Dumber
80%
Goodbye Road
80%
Killing Me
80%
Love Scenario
80%
Rhythm Ta
80%
Rubber Band
80%
Welcome Back
80%
Adore You
60%
Ah Yeah
60%
Airplane
60%
All The Way Here
60%
All The World
60%
Anthem
60%
Apology
60%
Beautiful
60%
But You
60%
Climax
60%
Cocktail
60%
Dive
60%
Don't Forget
60%
Don't Let Me Know
60%
Dragon
60%
Driving Slowly
60%
Everything
60%
Fighting
60%
Flower
60%
For Real ?
60%
Freedom
60%
Gold
60%
Holding On
60%
Hug Me
60%
I Miss You So Bad
60%
I'm Ok
60%
Jerk
60%
Just Another Boy
60%
Just For You
60%
Just Go
60%
Kiss Me
60%
Like A Movie
60%
Long Time No See
60%
Love Me
60%
M.U.P
60%
My Type
60%
Name
60%
Never Forget You
60%
One And Only
60%
Only You
60%
Panorama
60%
Perfect
60%
Rum Pum Pum
60%
Sinosijak
60%
Tantara
60%
Today
60%
T. T. M
60%
U
60%
Wait For Me
60%
Want You Back
60%
What's Wrong
60%
Why Why Why
60%
At Ease
40%
Worldwide
40%
#WYD
40%
Your Voice
40%
Aucun quiz correspondant
Distribution des résultats
% des personnes avec chaque résultat
Percentile par nombre de réponses
Votre historique - résultats
Vous n’avez pas pris ce quiz